| 000 | 00000nam##2200000za#4500 |
| 001 | 9.614920 |
| 003 | CaOODSP |
| 005 | 20250319122325 |
| 007 | ta |
| 008 | 150406|1999||||xxc||||| f|0| 0 eng|d |
| 020 | |a0-662-28096-2 |
| 022 | |a0069-0023 |
| 040 | |aCaOODSP|beng |
| 043 | |an-cn--- |
| 086 | 1 |aCW69-9/214E |
| 110 | 2 |aCanadian Wildlife Service. |
| 245 | 10|aMigratory game birds harvested in Canada during the 1991, 1992, and 1993 hunting seasons / |cby Hélène Lévesque and Brian Collins. |
| 260 | |aOttawa - Ontario : |bEnvironment Canada. |cOctober 1999. |
| 300 | |a52p. : |bfigs., references, tables ; |c28 cm. |
| 490 | 1 |aProgress notes|x0069-0023|vNo. 214 |
| 563 | |aProcessed |
| 590 | |a99-51|b1999-12-31 |
| 690 | 07|aBirds|2gcpds |
| 690 | 07|aHunting (Sport)|2gcpds |
| 720 | 1 |aLévesque, Hélène |
| 720 | 1 |aCollins, Brian |
| 775 | 08|tPrises d'oiseaux migrateurs au Canada pendant les saisons de chasse de 1991, de 1992 et de 1993 / |w(CaOODSP)9.625107 |
| 776 | 0#|tMigratory game birds harvested in Canada during the 1991, 1992, and 1993 hunting seasons |w(CaOODSP)9.571436 |
| 830 | #0|aProgress notes (Canadian Wildlife Service)|x0069-0023|vNo. 214|w(CaOODSP)9.514494 |